| 000 | 00550nam a2200121Ia 4500 | ||
|---|---|---|---|
| 008 | 220615s9999||||xx |||||||||||||| ||und|| | ||
| 100 | _aPálfalvi, J.||Greaves, Eduardo D.||Sajo-Bohus, Laszlo | ||
| 245 | 0 | _aChapter Boron Studies in Interdisciplinary Fields Employing Nuclear Track Detectors (NTDs) | |
| 546 | _aEnglish[eng] | ||
| 650 | _aEarth sciences, geography, environment, planning | ||
| 856 | _uhttps://library.oapen.org/bitstream/20.500.12657/48924/1/23695.pdf||https://library.oapen.org/bitstream/20.500.12657/48924/1/23695.pdf | ||
| 942 | _cEB | ||
| 999 |
_c8113 _d8113 |
||